| 000 | 01263nac a22002771u 4500 | ||
|---|---|---|---|
| 010 | _a 99050437 | ||
| 020 | _a078794016X (hardcover : alk. paper) | ||
| 082 | 0 | 0 |
_a658.322 _bZIN |
| 090 |
_c5928 _d5928 |
||
| 100 | _aZingheim, Patricia K. | ||
| 245 | 1 | 0 |
_aPay people right! : _bbreakthrough reward strategies to create great companies / _cPatricia K. Zingheim, Jay R. Schuster. |
| 250 | _a1st ed. | ||
| 260 |
_aSan Francisco : _bJossey-Bass Publishers,c2000. _cc2000. |
||
| 300 |
_axxvii, 388 p. : _bill. ; _c24 cm. |
||
| 440 | 4 | _aThe Jossey-Bass business & management series | |
| 500 | _aDistributer : Al-Ahram. | ||
| 504 | _aIncludes bibliographical references (p. 369-375) and index. | ||
| 511 | _aCatalogued By : Mahitab. | ||
| 650 | 0 | _aCompensation management. | |
| 700 | 1 | _aSchuster, Jay R. | |
| 856 | 4 | 2 |
_3Contributor biographical information _uhttp://www.loc.gov/catdir/bios/wiley044/99050437.html |
| 856 | 4 | 2 |
_3Publisher description _uhttp://www.loc.gov/catdir/description/wiley036/99050437.html |
| 856 | 4 | 2 |
_3Table of Contents _uhttp://www.loc.gov/catdir/toc/onix07/99050437.html |
| 942 |
_cBB _k658.322ZIN |
||
| 999 |
_c5928 _d5928 |
||